| 000 | 01018nac a22002777a 4500 | ||
|---|---|---|---|
| 001 | BR0704606 | ||
| 003 | BR-BrBNA | ||
| 005 | 20240105123448.0 | ||
| 008 | 230509b bl.|||m| |||| 00| 0 por d | ||
| 040 |
_aBR-BrBNA _bpor _cBiblioteca Nacional de Agricultura |
||
| 072 | _aE10 | ||
| 090 | _a0180 BR0704606 | ||
| 110 | 1 |
_aComissão Central de Levantamento e Fiscalização das Safras Tritícolas, Porto Alegre, RS (Brasil) _91954 |
|
| 245 | 1 | _aAnuário estatístico do trigo; Estado de Santa Catarina; safra 68/69 | |
| 260 | 3 |
_aPorto Alegre, RS (Brasil): _c1969. |
|
| 300 | _a73 p. | ||
| 490 |
_aAnuário Estatístico do Trigo - Comissão Central de Levantamento e Fiscalização das Safras Tritícolas (Brazil) _v _x |
||
| 500 | _aNumerical data; Documento microfilmado e tratado BR7306328 | ||
| 650 | _aTRIGO | ||
| 650 | _aSAFRA | ||
| 650 | _aESTATÍSTICA DE PRODUÇÃO | ||
| 650 | _aRENDIMENTO | ||
| 650 | _aSANTA CATARINA | ||
| 909 |
_a202312 _bLúcia Elande _c55 _dLúcia Elande |
||
| 942 |
_2AGRIS _n0 _cMS |
||
| 999 |
_c295567 _d295567 |
||